000 00423pab a2200157 454500
008 180718b1986 xxu||||| |||| 00| 0 eng d
100 _aGreenwood, Royston
245 _aThe institutional and organisational capabilities of local government
260 _c1986
300 _a35-50
362 _aSpring
650 _aLocal Government
700 _aJ.D. Stewart
773 _aPublic Administration (U.K.)
909 _a12683
999 _c12683
_d12683